[Event "Open Est 2013-2014"]
[Site "Aubagne"]
[Date "2013.11.09"]
[Round "2.20"]
[White "Danthier, Christophe"]
[Black "Lognos, Lina"]
[Result "1/2-1/2"]
[WhiteElo "1499"]
[BlackElo "1167"]
[PlyCount "104"]
[EventDate "2013.??.??"]

1. e4 d6 2. d3 g6 3. Nf3 Bg7 4. Be2 Nf6 5. O-O O-O 6. c3 c5 7. Bg5 Nc6 8. Bxf6
Bxf6 9. d4 cxd4 10. cxd4 Qb6 11. e5 dxe5 12. d5 Nd4 13. Nxd4 exd4 14. Qb3 Qxb3
15. axb3 Rd8 16. Bc4 Bf5 17. Nd2 d3 18. Nf3 Bxb2 19. Rae1 Ba3 20. Ng5 a6 21.
Re5 b5 22. d6 Bxd6 23. Bxf7+ Kh8 24. Rd5 Rac8 25. Ne6 Bxe6 26. Bxe6 Rc3 27. b4
Rb3 28. Rxd6 Rxd6 29. Bxb3 Rd4 30. Rd1 Re4 31. f3 Rxb4 32. Rxd3 a5 33. g4 a4
34. Bd1 Kg7 35. h4 Rb3 36. Bxb3 axb3 37. Rxb3 e6 38. Rxb5 Kf6 39. g5+ Kg7 40.
Rb7+ Kf8 41. Rxh7 Kg8 42. Rb7 e5 43. Rb6 Kf7 44. Rb4 Ke6 45. f4 Kf5 46. fxe5
Kxe5 47. Rb6 Kf5 48. Kg2 Kg4 49. Rxg6 Kxh4 50. Rg8 Kg4 51. g6 Kg5 52. g7 Kg6
1/2-1/2

[Event "Open Est 2013-2014"]
[Site "Aubagne"]
[Date "2013.11.09"]
[Round "2.21"]
[White "Pietrac, Christian"]
[Black "Gamblin, Thibaut"]
[Result "0-1"]
[WhiteElo "1271"]
[BlackElo "1475"]
[PlyCount "92"]
[EventDate "2013.??.??"]

1. d4 Nf6 2. c4 e6 3. a3 d5 4. Nc3 dxc4 5. Qa4+ Nc6 6. e3 Bd7 7. Qxc4 Na5 8.
Qa2 c5 9. Nge2 Qb6 10. b4 cxb4 11. Rb1 b3 12. Qb2 Be7 13. Bd2 O-O 14. Nc1 Bc6
15. Nxb3 Nxb3 16. Qxb3 Qxb3 17. Rxb3 Ne4 18. Nxe4 Bxe4 19. f3 Bd5 20. Rc3 Rac8
21. Be2 Rxc3 22. Bxc3 Bxa3 23. O-O Rc8 24. Bd2 Bc4 25. Bxc4 Rxc4 26. Kf2 Bd6
27. f4 Rc2 28. Ke2 Bb4 29. Kd3 Rxd2+ 30. Kc4 Ba5 31. Kb5 Bb6 32. Rc1 g6 33.
Rc8+ Kg7 34. Rb8 Rb2+ 35. Ka4 Rxg2 36. Kb3 Rxh2 37. Kc3 Re2 38. Kd3 Rb2 39.
Rxb7 Rb3+ 40. Ke4 Rc3 41. Rd7 Rc7 42. Rd6 h5 43. Kf3 Kf6 44. d5 Ke7 45. Rc6
Rxc6 46. dxc6 a5 0-1

[Event "Open Est 2013-2014"]
[Site "Aubagne"]
[Date "2013.11.09"]
[Round "2.22"]
[White "Besucco, Guy"]
[Black "Konate, Salma"]
[Result "0-1"]
[WhiteElo "1440"]
[BlackElo "1280"]
[PlyCount "58"]
[EventDate "2013.??.??"]

1. c4 e5 2. Nc3 Nc6 3. e4 Nf6 4. d3 Bc5 5. Nge2 d6 6. Na4 Bb6 7. Nxb6 axb6 8.
g3 Bg4 9. Bg2 Nd4 10. Qa4+ Rxa4 11. Nxd4 exd4 12. f3 Be6 13. O-O O-O 14. b3 Ra6
15. Bb2 c5 16. a4 Qd7 17. Rae1 Bh3 18. e5 dxe5 19. Bxh3 Qxh3 20. Rxe5 Re8 21.
Rxe8+ Nxe8 22. Re1 Ra8 23. Re7 Nd6 24. Bc1 Re8 25. Rxe8+ Nxe8 26. Bd2 Nd6 27.
Bf4 Nf5 28. Bd2 Ne3 29. Bxe3 dxe3 0-1

[Event "Open Est 2013-2014"]
[Site "Aubagne"]
[Date "2013.11.09"]
[Round "2.23"]
[White "Raimbault, Samuel"]
[Black "Hunault, Francis"]
[Result "1-0"]
[WhiteElo "1199"]
[BlackElo "1670"]
[PlyCount "54"]
[EventDate "2013.??.??"]

1. e4 c5 2. Nf3 d6 3. c3 Nf6 4. a3 Nxe4 5. Qa4+ Nc6 6. Qxe4 a6 7. Bc4 e6 8. d4
d5 9. Bxd5 Qxd5 10. Qxd5 exd5 11. O-O Be6 12. Re1 h6 13. dxc5 Bxc5 14. b4 Be7
15. Nbd2 O-O 16. Bb2 Bf6 17. h3 Rad8 18. Nb3 b6 19. a4 Nxb4 20. Ba3 Bxc3 21.
Rac1 Bxe1 22. Nxe1 a5 23. Nc2 Rc8 24. Nxb4 Rxc1+ 25. Nxc1 axb4 26. Bxb4 Rc8 27.
Nb3 Rc4 {Téléphone sonne} 1-0

[Event "Open Est 2013-2014"]
[Site "Aubagne"]
[Date "2013.11.09"]
[Round "2.24"]
[White "Sannejan, Thomas"]
[Black "Mineo, Francois"]
[Result "0-1"]
[WhiteElo "1499"]
[BlackElo "1270"]
[PlyCount "24"]
[EventDate "2013.??.??"]

1. d4 d5 2. c3 Nf6 3. e3 Bf5 4. Nd2 e6 5. Bb5+ c6 6. Ba4 Nbd7 7. Ngf3 Bd6 8.
O-O Ne4 9. Nxe4 Bxe4 10. Nd2 Bf5 11. Nb3 Qh4 12. Qe2 Qxh2# 0-1

[Event "Open Est 2013-2014"]
[Site "Aubagne"]
[Date "2013.11.09"]
[Round "2.25"]
[White "Timoner, Genevieve"]
[Black "Brongers, Claudine"]
[Result "0-1"]
[WhiteElo "1499"]
[BlackElo "1260"]
[PlyCount "50"]
[EventDate "2013.??.??"]

1. c4 e5 2. e4 c5 3. Nc3 Nf6 4. d3 Be7 5. g3 Nc6 6. Nge2 d6 7. Bg2 O-O 8. O-O
Ng4 9. Bd2 f5 10. Nd5 Bg5 11. h3 Nh6 12. a3 Bxd2 13. Qxd2 Be6 14. Nec3 Na5 15.
Rab1 Nb3 16. Qc2 Nd4 17. Qd1 f4 18. b4 f3 19. Bh1 Bxh3 20. Re1 Qg5 21. Bxf3
Nxf3+ 22. Kh1 Ng4 23. Qxf3 Rxf3 24. Kg1 Nxf2 25. Re3 Qxg3# 0-1

[Event "Open Est 2013-2014"]
[Site "Aubagne"]
[Date "2013.11.09"]
[Round "2.26"]
[White "Kallenberg, Hardi"]
[Black "Morata, Serge"]
[Result "1-0"]
[WhiteElo "1470"]
[BlackElo "1260"]
[PlyCount "91"]
[EventDate "2013.??.??"]

1. e4 c5 2. Nf3 d6 3. d4 cxd4 4. Nxd4 Nf6 5. Nc3 e6 6. Bb5+ Bd7 7. O-O Be7 8.
Re1 a6 9. Be2 O-O 10. Be3 e5 11. Nf5 Bxf5 12. exf5 Nc6 13. Bf3 Qd7 14. g4 h6
15. a3 b5 16. Qd2 Na5 17. Bxa8 Nc4 18. Qe2 Rxa8 19. b3 Nxe3 20. fxe3 Rc8 21.
Nd1 Ne4 22. Nf2 Bh4 23. Nxe4 Bxe1 24. Rxe1 Qc6 25. Qd3 d5 26. Nf2 Qc3 27. Rd1
Qxd3 28. cxd3 Rc3 29. Rb1 e4 30. dxe4 Rxe3 31. exd5 Kf8 32. d6 Ke8 33. Kf1 Kd7
34. a4 Kxd6 35. axb5 axb5 36. b4 Kd5 37. Rd1+ Kc4 38. h4 Kxb4 39. Rd7 g6 40. f6
Rf3 41. Rxf7 Kc5 42. Kg2 Ra3 43. Rg7 Ra8 44. Rxg6 Rf8 45. Rxh6 b4 46. Nd3+ 1-0

[Event "Open Est 2013-2014"]
[Site "Aubagne"]
[Date "2013.11.09"]
[Round "2.27"]
[White "Monteil, Marie-Joseph"]
[Black "Reynaud, Jacques"]
[Result "0-1"]
[WhiteElo "1260"]
[BlackElo "1440"]
[PlyCount "112"]
[EventDate "2013.??.??"]

1. e4 c6 2. d4 d5 3. e5 c5 4. c3 Nc6 5. h3 e6 6. Nf3 cxd4 7. cxd4 Nge7 8. Bb5
Qb6 9. Nc3 Bd7 10. O-O Nf5 11. Rb1 Be7 12. Re1 Nxe5 13. Bxd7+ Nxd7 14. a4 Rc8
15. Be3 O-O 16. Qd2 Rc4 17. b3 Rc6 18. Ne5 Nxe5 19. dxe5 Qc7 20. Bf4 Rxc3 21.
Rec1 Rc8 22. Rxc3 Qxc3 23. Qxc3 Rxc3 24. Bd2 Rc2 25. Be1 Bc5 26. b4 Bd4 27. b5
Ng3 28. Kh2 Ne2 29. a5 Bxe5+ 30. g3 Nxg3 31. Kg2 h5 32. h4 Nf5 33. Kh3 Rc4 34.
f3 Rxh4+ 35. Bxh4 Nd4 36. Kg2 Nf5 37. Bf2 Bc3 38. a6 b6 39. Rc1 d4 40. Kf1 Nd6
41. Rb1 Nc4 42. Ke2 e5 43. Kd3 Nd2 44. Rh1 g6 45. Ke2 f5 46. Bh4 e4 47. fxe4
fxe4 48. Bf6 Nf3 49. Rd1 d3+ 50. Rxd3 exd3+ 51. Kxd3 Bxf6 52. Ke4 Nh2 53. Kd5
h4 54. Kc6 h3 55. Kb7 Nf1 56. Kxa7 h2 0-1

[Event "Open Est 2013-2014"]
[Site "Aubagne"]
[Date "2013.11.09"]
[Round "2.28"]
[White "Pegon, Claude"]
[Black "Rieu, Jean"]
[Result "0-1"]
[WhiteElo "1250"]
[BlackElo "1390"]
[PlyCount "79"]
[EventDate "2013.??.??"]

1. c3 b6 2. e4 Bb7 3. d3 e6 4. c4 Nc6 5. Be3 Bb4+ 6. Nc3 Bxc3+ 7. bxc3 Nf6 8.
g3 h6 9. Bg2 h5 10. h4 Ng4 11. Bg5 f6 12. Bf4 e5 13. Bd2 Qe7 14. f3 Nh6 15. Ne2
O-O-O 16. f4 Qd6 17. Be3 Ng4 18. Qd2 Nxe3 19. Qxe3 Rdg8 20. O-O Ne7 21. Rfb1 f5
22. Rb3 g5 23. Rab1 gxf4 24. gxf4 Ng6 25. Qf2 exf4 26. Nc1 fxe4 27. c5 e3 28.
Bxb7+ Kb8 29. cxd6 exf2+ 30. Kxf2 Nxh4 31. Kf1 Rg2 32. Ne2 Rhg8 33. Ke1 Nf3+
34. Kd1 Rh2 35. Rb4 Rh1+ 36. Kc2 Rxb1 37. Rxb1 Rg2 38. Kd1 h4 39. c4 h3 40. c5
0-1

[Event "Open Est 2013-2014"]
[Site "Aubagne"]
[Date "2013.11.09"]
[Round "2.29"]
[White "Benezra, David"]
[Black "Sid, Alexander"]
[Result "1-0"]
[WhiteElo "1386"]
[BlackElo "1009"]
[PlyCount "37"]
[EventDate "2013.??.??"]

1. e4 e5 2. Nf3 Nc6 3. d4 d6 4. dxe5 dxe5 5. Qxd8+ Kxd8 6. Nc3 Nf6 7. Bg5 Bg4
8. Nd5 Be7 9. O-O-O Kd7 10. Nxf6+ Kc8 11. Nxg4 Bxg5+ 12. Nxg5 f6 13. Ne6 Re8
14. Nxg7 Rg8 15. Nxf6 Rxg7 16. g3 Rf7 17. Bh3+ Kb8 18. Nd7+ Kc8 19. Nxe5+ 1-0

[Event "Open Est 2013-2014"]
[Site "Aubagne"]
[Date "2013.11.09"]
[Round "2.30"]
[White "Blanc, Maxime"]
[Black "Mallet, Philippe"]
[Result "1/2-1/2"]
[WhiteElo "1199"]
[BlackElo "1370"]
[PlyCount "145"]
[EventDate "2013.??.??"]

1. c4 c5 2. Nc3 d6 3. d3 Nc6 4. g3 Bd7 5. Bg2 e6 6. e3 g6 7. Nge2 Bg7 8. O-O
Nf6 9. Bd2 a6 10. a3 Qc7 11. Be1 O-O 12. Rb1 h5 13. b4 cxb4 14. axb4 Ne7 15. c5
d5 16. b5 Qxc5 17. bxa6 bxa6 18. Na4 Bxa4 19. Qxa4 Qa7 20. e4 Rab8 21. Bc3 Qd7
22. Qxa6 Ra8 23. Rb7 Qd8 24. Qb6 Nd7 25. Qxd8 Rfxd8 26. Bxg7 Kxg7 27. exd5 exd5
28. Nf4 Ra5 29. Re1 Kf8 30. Reb1 Ra4 31. Nxd5 Rd4 32. Nxe7 Kxe7 33. Re1+ Kd6
34. Rd1 Rc8 35. Bh3 Rd8 36. Bxd7 Rxd7 37. Rxd7+ Kxd7 38. Kf1 Kd6 39. Ke2 Kd5
40. Rb1 Ra4 41. Ke3 Ra3 42. Rb7 Ke6 43. Ke4 f5+ 44. Ke3 Kf6 45. f4 Ra2 46. h4
Ra3 47. Kd4 Ra4+ 48. Kc5 Ra3 49. Kc4 Ra2 50. d4 Ra3 51. Rb6+ Ke7 52. Rxg6 Ra4+
53. Kb5 Rxd4 54. Rh6 Rd3 55. Rxh5 Rxg3 56. Rg5 Rh3 57. Rh5 Kf6 58. Rh6+ Kg7 59.
Rh5 Kg6 60. Rh8 Kg7 61. Rc8 Rxh4 62. Rc4 Kg6 63. Kc5 Kh5 64. Kd5 Kg4 65. Ke5
Rh3 66. Rc2 Re3+ 67. Kd5 Kxf4 68. Rf2+ Rf3 69. Rh2 Ke3 70. Rh5 Rf4 71. Ke5 Kf3
72. Rxf5 Rxf5+ 73. Kxf5 1/2-1/2

[Event "Open Est 2013-2014"]
[Site "Aubagne"]
[Date "2013.11.09"]
[Round "2.31"]
[White "Gamblin, Vincent"]
[Black "Galeazzi, Tony"]
[Result "1-0"]
[WhiteElo "1362"]
[BlackElo "1099"]
[PlyCount "53"]
[EventDate "2013.??.??"]

1. e4 e5 2. c3 d5 3. exd5 Qxd5 4. Nf3 Nc6 5. b3 b5 6. c4 Qe4+ 7. Qe2 Qc2 8. Nc3
bxc4 9. Qxc4 Nb4 10. Nxe5 Bd6 11. Qxf7+ Kd8 12. Qxg7 Bxe5 13. Qxe5 Nc6 14. Qd5+
Bd7 15. Bd3 Nf6 16. Bxc2 Nxd5 17. Nxd5 Re8+ 18. Ne3 Nb4 19. O-O Bb5 20. d3 Bxd3
21. Bxd3 Nxd3 22. Rd1 Re5 23. Rxd3+ Ke8 24. Bb2 Re6 25. Kf1 c5 26. Nd5 Kd7 27.
Nb6+ 1-0

[Event "Open Est 2013-2014"]
[Site "Aubagne"]
[Date "2013.11.09"]
[Round "2.32"]
[White "Escaillon, Gilbert"]
[Black "Autouard, Jean Luc"]
[Result "1-0"]
[WhiteElo "1190"]
[BlackElo "1350"]
[PlyCount "39"]
[EventDate "2013.??.??"]

1. e4 c5 2. d4 cxd4 3. Qxd4 Nc6 4. Qd1 Nf6 5. Nc3 d6 6. Bc4 e6 7. Nf3 Be7 8.
O-O O-O 9. a3 Qc7 10. Bf4 e5 11. Bg3 Bg4 12. h3 Bh5 13. Nd5 Nxd5 14. Qxd5 Qd7
15. Nxe5 Bf6 16. Nxd7 Rfd8 17. Nxf6+ gxf6 18. Qxh5 Rd7 19. Qg4+ Kf8 20. Qxd7
1-0

[Event "Open Est 2013-2014"]
[Site "Aubagne"]
[Date "2013.11.09"]
[Round "2.33"]
[White "Turpin, Isabelle"]
[Black "Rasolo, Loick"]
[Result "0-1"]
[WhiteElo "1170"]
[BlackElo "1350"]
[PlyCount "116"]
[EventDate "2013.??.??"]

1. c4 e5 2. d3 Nf6 3. a3 Bc5 4. b4 Be7 5. g3 c5 6. Bg2 cxb4 7. Qb3 Nc6 8. Bd2
Nd4 9. Qb2 bxa3 10. Nxa3 Qb6 11. Rb1 Qxb2 12. Rxb2 Bxa3 13. Ra2 Bc5 14. e3 Nc6
15. h3 Nb4 16. d4 exd4 17. exd4 Be7 18. Ra4 Nc2+ 19. Kd1 Nxd4 20. Be3 Ne6 21.
Ne2 Nc5 22. Rb4 Nce4 23. c5 d5 24. Kc2 Bf5 25. Rhb1 Nxc5+ 26. Kd1 Bxb1 27. Rxb1
O-O 28. Nd4 Nfe4 29. Ke1 Nd3+ 30. Kf1 Ndxf2 31. Rxb7 Bc5 32. Nf5 Nxg3+ 33. Nxg3
Bxe3 34. Bxd5 Nxh3 35. Nf5 Bg5 36. Nd6 Rad8 37. Bxf7+ Rxf7+ 38. Nxf7 Rf8 39.
Kg2 Rxf7 40. Rb8+ Rf8 41. Rb7 Nf4+ 42. Kg3 Ne2+ 43. Kg4 Be3 44. Re7 Rf4+ 45.
Kh5 g6+ 46. Kg5 Re4+ 47. Kf6 Bd4+ 48. Re5 Bxe5+ 49. Kg5 Bf4+ 50. Kf6 h5 51.
Kxg6 h4 52. Kh5 h3 53. Kh4 h2 54. Kh3 h1=Q+ 55. Kg4 Bc1+ 56. Kf5 Qf3+ 57. Kg6
Rg4+ 58. Kh5 Qh3# 0-1

[Event "Open Est 2013-2014"]
[Site "Aubagne"]
[Date "2013.11.09"]
[Round "2.34"]
[White "Periale, Albert"]
[Black "Gousseau, Michel"]
[Result "1/2-1/2"]
[WhiteElo "1340"]
[BlackElo "1120"]
[PlyCount "81"]
[EventDate "2013.??.??"]

1. d4 d5 2. c4 c6 3. cxd5 cxd5 4. Nf3 f6 5. Nc3 e6 6. e3 Nc6 7. a3 Nh6 8. Bd3
a6 9. O-O Bd6 10. h3 O-O 11. e4 Ne7 12. Bxh6 gxh6 13. e5 fxe5 14. dxe5 Bc7 15.
Re1 Rf7 16. Qd2 Qf8 17. Qe2 Rf4 18. Rac1 Bb6 19. Na4 Ba7 20. Bb1 b5 21. Nc5 Nc6
22. Nxe6 Bxe6 23. Rxc6 Bxh3 24. Rxh6 Qxh6 25. g3 Qg7 26. Ba2 Kh8 27. Bxd5 Raf8
28. Rd1 Bxf2+ 29. Kxf2 Rg4 30. Rg1 Qd7 31. Qd3 Qa7+ 32. Ke1 Qc5 33. Qd2 Rxf3
34. Bxf3 Qxg1+ 35. Ke2 Qh2+ 36. Ke3 Qxg3 37. Qd8+ Kg7 38. Qf6+ Kg8 39. Qe6+ Kf8
40. Qf6+ Kg8 41. Qe6+ 1/2-1/2

[Event "Open Est 2013-2014"]
[Site "Aubagne"]
[Date "2013.11.09"]
[Round "2.35"]
[White "Benezra, Ruthy"]
[Black "Yahia Amar, Pierre"]
[Result "1-0"]
[WhiteElo "1310"]
[BlackElo "1010"]
[PlyCount "67"]
[EventDate "2013.??.??"]

1. e4 e5 2. Nf3 Nc6 3. d4 exd4 4. c3 dxc3 5. Nxc3 Bb4 6. Bc4 d6 7. Qb3 Na5 8.
Qxb4 Nxc4 9. Qxc4 Nf6 10. Bg5 Bg4 11. Nd4 Be6 12. Nxe6 fxe6 13. Qxe6+ Qe7 14.
Qf5 g6 15. Qxf6 Qxf6 16. Bxf6 Rg8 17. Nd5 c6 18. Nc7+ Kf7 19. Nxa8 Rxa8 20. Bh4
Re8 21. f3 d5 22. Kf2 dxe4 23. fxe4 Rxe4 24. Bg3 Rb4 25. b3 h5 26. h4 a5 27.
Rad1 a4 28. bxa4 Rxa4 29. Rd7+ Ke6 30. Rhd1 b6 31. R7d6+ Kf5 32. Rxc6 b5 33.
Rd5+ Kg4 34. Rxg6# 1-0

[Event "Open Est 2013-2014"]
[Site "Aubagne"]
[Date "2013.11.09"]
[Round "2.36"]
[White "Toche, Ange"]
[Black "Huette, Iva"]
[Result "1-0"]
[WhiteElo "1310"]
[BlackElo "1099"]
[PlyCount "67"]
[EventDate "2013.??.??"]

1. e4 e5 2. Nf3 Nc6 3. Bb5 Bc5 4. O-O d6 5. c3 Bg4 6. d4 Bxf3 7. Qxf3 exd4 8.
cxd4 Bxd4 9. Nc3 Bxc3 10. bxc3 a6 11. Ba4 b5 12. Bb3 Qf6 13. Bf4 b4 14. Bd5
Qxc3 15. Qxc3 bxc3 16. Bxc6+ Kd8 17. Bxa8 f6 18. Rab1 c2 19. Rb2 g5 20. Bd5
gxf4 21. Bxg8 Rxg8 22. Rb8+ Ke7 23. Rxg8 Kf7 24. Rc8 c5 25. Rc6 a5 26. Rc1 d5
27. exd5 Ke7 28. Rxc2 f3 29. Rb2 fxg2 30. Rb7+ Kd8 31. Ra6 Kc8 32. Rxh7 Kb8 33.
Rxf6 c4 34. Rf8# 1-0

[Event "Open Est 2013-2014"]
[Site "Aubagne"]
[Date "2013.11.09"]
[Round "2.37"]
[White "Periale, Francine"]
[Black "Pouliquen, Gilbert"]
[Result "0-1"]
[WhiteElo "1060"]
[BlackElo "1290"]
[PlyCount "72"]
[EventDate "2013.??.??"]

1. d4 f5 2. Nf3 Nf6 3. e3 d5 4. Bd3 e6 5. b3 Bd6 6. O-O O-O 7. Nbd2 c5 8. c3
Nc6 9. Bb2 Ne4 10. Bc2 b5 11. Re1 Ba6 12. dxc5 Bxc5 13. b4 Bd6 14. Nd4 Nxd4 15.
exd4 Qc7 16. Nb1 Bxh2+ 17. Kf1 Qf4 18. Qf3 Ng5 19. Qxf4 Bxf4 20. Nd2 Bxd2 21.
Re2 Bf4 22. Rae1 Bb7 23. a4 bxa4 24. Bxa4 Ba6 25. b5 Bb7 26. Ba3 Rf6 27. Be7
Rh6 28. g3 Nf3 29. Rxe6 Rh1+ 30. Kg2 Rxe1 31. Rxe1 Nxe1+ 32. Kf1 Bd2 33. Bb3
Bxc3 34. Bxd5+ Bxd5 35. Bc5 Nd3 36. Bd6 Re8 0-1

[Event "Open Est 2013-2014"]
[Site "Aubagne"]
[Date "2013.11.09"]
[Round "2.38"]
[White "Garbe, Georges"]
[Black "Ralijaona, Gabriela"]
[Result "1-0"]
[WhiteElo "1280"]
[BlackElo "1070"]
[PlyCount "103"]
[EventDate "2013.??.??"]

1. f4 Nf6 2. Nf3 Nc6 3. e3 e6 4. b3 Ne4 5. d3 Bb4+ 6. Nfd2 Nc3 7. Qg4 Qf6 8.
Nxc3 Qxc3 9. Rb1 Qxc2 10. Qd1 Qxd1+ 11. Kxd1 O-O 12. Nc4 b6 13. a3 Bc3 14. Bb2
Bxb2 15. Rxb2 Ba6 16. Rc2 b5 17. Ne5 Nxe5 18. fxe5 Rfd8 19. Be2 d5 20. Kd2 Rd7
21. Rhc1 Rc8 22. d4 c6 23. a4 Rcc7 24. Rxc6 Rxc6 25. Rxc6 Bb7 26. Rc5 b4 27.
Bb5 Re7 28. a5 a6 29. Ba4 g5 30. g4 f5 31. gxf5 exf5 32. Rc1 Rf7 33. Be8 Re7
34. Bh5 g4 35. Rf1 Bc8 36. Rc1 Be6 37. Ke2 Rg7 38. Kf2 Rg5 39. Be8 Rg7 40. Rc6
Re7 41. Bh5 Rg7 42. Rxe6 Rg5 43. Be8 h5 44. Kg3 Rg7 45. Bxh5 Rh7 46. Rg6+ Rg7
47. Rxa6 Rh7 48. Kh4 Rh8 49. Rf6 Kg7 50. a6 Ra8 51. Rf7+ Kh6 52. a7 1-0

[Event "Open Est 2013-2014"]
[Site "Aubagne"]
[Date "2013.11.09"]
[Round "2.39"]
[White "Masson, Wally"]
[Black "Graccione, Angele"]
[Result "1-0"]
[WhiteElo "1280"]
[BlackElo "1020"]
[PlyCount "89"]
[EventDate "2013.??.??"]

1. e4 c5 2. Bc4 e6 3. Nf3 Nc6 4. O-O Nf6 5. Re1 g6 6. c3 Bg7 7. e5 Ng4 8. d4 b6
9. Bf4 O-O 10. Nbd2 Bb7 11. Ne4 Na5 12. Bd3 d6 13. Nxd6 Bc6 14. Ng5 Nh6 15. Qd2
c4 16. Nxc4 Qd5 17. Ne4 Nxc4 18. Bxc4 Qxc4 19. Bxh6 Bxe4 20. Rxe4 Qd5 21. Qe3
f6 22. Bxg7 Kxg7 23. Rh4 h5 24. Qg3 Qe4 25. Rxh5 Rh8 26. exf6+ Kf7 27. Qc7+
Kxf6 28. Rxh8 Rxh8 29. Qe5+ Qxe5 30. dxe5+ Kxe5 31. Re1+ Kf6 32. g4 Kg5 33. f3
Re8 34. Kg2 Kf4 35. Re4+ Kg5 36. Kg3 e5 37. h4+ Kf6 38. f4 exf4+ 39. Kxf4 Re6
40. g5+ Kf7 41. Rxe6 Kxe6 42. b4 Kf7 43. c4 a5 44. a3 Kg7 45. c5 1-0

[Event "Open Est 2013-2014"]
[Site "Aubagne"]
[Date "2013.11.09"]
[Round "2.40"]
[White "Gianfranceschi, Gerard"]
[Black "Yahia Amar, Clement"]
[Result "0-1"]
[WhiteElo "1010"]
[BlackElo "1280"]
[PlyCount "36"]
[EventDate "2013.??.??"]

1. e4 e5 2. Nf3 Nc6 3. Bc4 Bc5 4. c3 Nf6 5. d4 exd4 6. cxd4 Bb6 7. e5 Ne4 8.
O-O d5 9. Bb3 Bg4 10. Nbd2 Nxd2 11. Bxd2 Nxd4 12. Qe1 Bxf3 13. Qe3 Ne2+ 14. Kh1
Bxe3 15. Bxe3 Be4 16. Rfe1 Qd7 17. Rxe2 Qg4 18. Rd2 Qxg2# 0-1

[Event "Open Est 2013-2014"]
[Site "Aubagne"]
[Date "2013.11.09"]
[Round "2.41"]
[White "Ghazarian, David"]
[Black "Herbulot, Thomas"]
[Result "1-0"]
[WhiteElo "1270"]
[BlackElo "1009"]
[PlyCount "41"]
[EventDate "2013.??.??"]

1. e4 e5 2. d4 Nf6 3. Nc3 Bb4 4. a3 Bxc3+ 5. bxc3 Nxe4 6. dxe5 Nxc3 7. Qf3 O-O
8. Qxc3 d6 9. exd6 Qxd6 10. Nf3 Re8+ 11. Be2 a6 12. Nh4 Bd7 13. Qg3 Qxg3 14.
hxg3 Bb5 15. Be3 Bc6 16. Rb1 b6 17. Bf3 Bxf3 18. gxf3 Nc6 19. Rd1 Ne5 20. f4 b5
21. fxe5 1-0

[Event "Open Est 2013-2014"]
[Site "Aubagne"]
[Date "2013.11.09"]
[Round "2.42"]
[White "Yahia Amar, Mathieu"]
[Black "Gamblin, Antoine"]
[Result "0-1"]
[WhiteElo "1260"]
[BlackElo "1257"]
[PlyCount "94"]
[EventDate "2013.??.??"]

1. d4 d5 2. c4 dxc4 3. e4 e6 4. Bxc4 Nf6 5. Nf3 Nxe4 6. O-O Bd6 7. Re1 Nf6 8.
Bg5 h6 9. Bxf6 Qxf6 10. Nfd2 Qf4 11. Nc3 Qxh2+ 12. Kf1 O-O 13. Nf3 Qh1+ 14. Ng1
b6 15. Nb5 Ba6 16. Qf3 Nd7 17. a4 Rac8 18. a5 Bb4 19. Re4 Nf6 20. Rf4 c6 21.
Ke2 Qh5 22. Qxh5 Nxh5 23. Rh4 Nf6 24. Ra4 cxb5 25. Rxb4 bxa5 26. Rb3 Rxc4 27.
Rd3 b4 28. Nf3 Rc2+ 29. Ke3 Bxd3 30. Kxd3 Rxb2 31. Ke3 a4 32. d5 Nxd5+ 33. Kd3
a3 34. Rh1 Rxf2 35. Ra1 a2 36. Kc4 Rc8+ 37. Kb3 Rc3+ 38. Ka4 Ra3+ 39. Kb5 b3
40. Nd4 b2 41. Rh1 b1=Q+ 42. Rxb1 axb1=Q+ 43. Kc5 Qb4+ 44. Kc6 Ra6+ 45. Kd7
Qb7+ 46. Kd8 Qe7+ 47. Kc8 Qc7# 0-1

[Event "Open Est 2013-2014"]
[Site "Salle Lakanal Aubagne"]
[Date "2013.11.30"]
[Round "3.1"]
[White "Alquier, Matthieu"]
[Black "Crapon, Laurent"]
[Result "0-1"]
[WhiteElo "1599"]
[BlackElo "1794"]
[PlyCount "70"]
[EventDate "2013.??.??"]

1. d4 d5 2. Nf3 Nf6 3. Bf4 e6 4. e3 c5 5. c3 Nc6 6. Bb5 Qb6 7. Bxc6+ bxc6 8. b3
Ba6 9. Nbd2 cxd4 10. Nxd4 Rd8 11. Ne2 Ba3 12. Rb1 Ne4 13. O-O Bxe2 14. Qxe2
Nxc3 15. Qd3 Nxb1 16. Rxb1 Bd6 17. Re1 Qc7 18. Nf3 Bxf4 19. exf4 Qxf4 20. Ne5
Rc8 21. Qa6 O-O 22. Nd7 Rfd8 23. Qxa7 Ra8 24. Qb7 Rxa2 25. Rf1 Qd6 26. Nb6 Rb8
27. Qd7 Qxd7 28. Nxd7 Rxb3 29. Rc1 Rb7 30. Nc5 Rbb2 31. Nd3 Rc2 32. Rb1 Kf8 33.
Nb4 Rab2 34. h3 Rxb1+ 35. Kh2 Rxb4 0-1

[Event "Open Est 2013-2014"]
[Site "Salle Lakanal Aubagne"]
[Date "2013.11.30"]
[Round "3.2"]
[White "Cescon, Moreno"]
[Black "Velut, Pierre-Marie"]
[Result "0-1"]
[WhiteElo "1756"]
[BlackElo "1570"]
[PlyCount "81"]
[EventDate "2013.??.??"]

1. e4 e6 2. d4 d5 3. exd5 exd5 4. Nf3 Nf6 5. Bd3 Bd6 6. Bg5 O-O 7. O-O a6 8.
Ne5 Nc6 9. Nxc6 bxc6 10. Nd2 c5 11. dxc5 Bxc5 12. Qf3 Be7 13. Rfe1 Bg4 14. Qg3
Be6 15. Qf3 c5 16. c3 c4 17. Bc2 Rb8 18. b3 a5 19. Rad1 cxb3 20. Nxb3 Bg4 21.
Qd3 Bxd1 22. Qxd1 Re8 23. Nd4 Qc7 24. Qf3 Bd6 25. Rxe8+ Rxe8 26. g3 Ne4 27. Qg4
Qxc3 28. Be3 Be5 29. Bxe4 dxe4 30. Qxe4 f6 31. f4 Qe1+ 32. Kg2 Rb8 33. fxe5
Rb2+ 34. Kh3 Qf1+ 35. Kg4 h5+ 36. Kxh5 Rxh2+ 37. Kg4 Qh3+ 38. Kf4 g5+ 39. Kf3
Qh5+ 40. Qg4 Qxg4+ 41. Kxg4 0-1

[Event "Open Est 2013-2014"]
[Site "Salle Lakanal Aubagne"]
[Date "2013.11.30"]
[Round "3.3"]
[White "Telouk, Olivier"]
[Black "Gambino, Max"]
[Result "0-1"]
[WhiteElo "1569"]
[BlackElo "1730"]
[PlyCount "98"]
[EventDate "2013.??.??"]

1. e4 b6 2. Nc3 Bb7 3. d4 e6 4. Bd3 Bb4 5. Bd2 Nf6 6. Nge2 O-O 7. a3 Bxc3 8.
Nxc3 c5 9. dxc5 bxc5 10. O-O Nc6 11. f3 d6 12. Kh1 h6 13. Be3 Re8 14. Bb5 Qc7
15. Bf4 Rad8 16. Qe1 a6 17. Ba4 Nh5 18. Qe3 Nxf4 19. Qxf4 Re7 20. Rad1 Nd4 21.
Rd2 d5 22. Qxc7 Rxc7 23. exd5 exd5 24. Rfd1 Re7 25. b4 cxb4 26. axb4 Nf5 27.
Re2 Rxe2 28. Nxe2 Rd6 29. c3 Re6 30. Bd7 Rxe2 31. Bxf5 Kf8 32. h3 g6 33. Bd3
Re3 34. Kg1 Ke7 35. Kf2 Re6 36. Re1 g5 37. Rxe6+ fxe6 38. g3 Kf6 39. Ke3 e5 40.
c4 d4+ 41. Kf2 Ke6 42. Be4 Bxe4 43. fxe4 h5 44. Ke2 Kd6 45. Kd3 Kc6 46. Kc2 Kb6
47. Kb3 a5 48. b5 Kc5 49. Ka3 d3 0-1

[Event "Open Est 2013-2014"]
[Site "Salle Lakanal Aubagne"]
[Date "2013.11.30"]
[Round "3.4"]
[White "Benezra, Amos"]
[Black "Cocordano, Claire"]
[Result "1-0"]
[WhiteElo "1709"]
[BlackElo "1511"]
[PlyCount "65"]
[EventDate "2013.??.??"]

1. e4 d6 2. d4 Nf6 3. Nc3 g6 4. g3 Bg7 5. Bg2 Nbd7 6. Nge2 c5 7. h3 cxd4 8.
Nxd4 a6 9. a4 O-O 10. Be3 e5 11. Nde2 Qc7 12. O-O b6 13. Qd2 Nc5 14. Rad1 Rd8
15. Bg5 Bb7 16. f4 Rd7 17. Bxf6 Bxf6 18. f5 Kg7 19. b4 Nxe4 20. Nxe4 d5 21.
Nxf6 Kxf6 22. fxg6+ Kxg6 23. Qd3+ Kg7 24. Qf5 Re8 25. Qf6+ Kg8 26. Rf5 Re6 27.
Rg5+ Kf8 28. Qg7+ Ke7 29. Rf5 Kd6 30. Qf8+ Rde7 31. Rf3 d4 32. Nxd4 Bxf3 33.
Nb5+ 1-0

[Event "Open Est 2013-2014"]
[Site "Salle Lakanal Aubagne"]
[Date "2013.11.30"]
[Round "3.5"]
[White "Salvi, Michel"]
[Black "Lang, Michel"]
[Result "1-0"]
[WhiteElo "1674"]
[BlackElo "1390"]
[PlyCount "53"]
[EventDate "2013.??.??"]

1. e4 Nc6 2. Nf3 d6 3. Bb5 Bd7 4. O-O e5 5. c3 Nf6 6. d3 a6 7. Ba4 Be7 8. Nbd2
b5 9. Bc2 O-O 10. h3 Be6 11. d4 exd4 12. cxd4 Bc4 13. Nxc4 bxc4 14. Qe2 d5 15.
exd5 Qxd5 16. Be3 Nb4 17. Ba4 a5 18. a3 Nc6 19. Rac1 Nd8 20. Ne5 Ne6 21. Rxc4
Qe4 22. Bc6 Qh4 23. Bxa8 Rxa8 24. d5 Nxd5 25. Rxh4 Bxh4 26. Qf3 Rd8 27. Qxf7+
1-0

[Event "Open Est 2013-2014"]
[Site "Salle Lakanal Aubagne"]
[Date "2013.11.30"]
[Round "3.6"]
[White "Benezra, Esther"]
[Black "Derige Kane, Yan"]
[Result "0-1"]
[WhiteElo "1463"]
[BlackElo "1653"]
[PlyCount "56"]
[EventDate "2013.??.??"]

1. e4 e5 2. Nf3 Nc6 3. Bc4 Bc5 4. d3 h6 5. Be3 Bb6 6. O-O d6 7. c3 Nf6 8. Nbd2
Bg4 9. Qc2 O-O 10. d4 Re8 11. Bb5 Bd7 12. Rad1 Nxd4 13. cxd4 Bxb5 14. Rfe1 Ng4
15. Qb3 Nxe3 16. Qxe3 Qf6 17. Qb3 Bd7 18. dxe5 dxe5 19. Qd5 Bc6 20. Qd3 Rad8
21. Qc2 Ba5 22. h3 Rd7 23. a3 Bxd2 24. Rxd2 Rxd2 25. Qxd2 Qf4 26. Qa5 Bxe4 27.
Nxe5 Rxe5 28. Qxc7 Qg5 0-1